La Bible et les decouvertes modernes en Palestina, en Egypte et en Assyrie

Uloženo v:
Podrobná bibliografie
Hlavní autor: Vigouroux, F (Autor)
Médium: Kniha
Jazyk:francouzština
Vydáno: París Berche et Tralin 1879
Vydání:1a. ed
Témata:
Tagy: Přidat tag
Žádné tagy, Buďte první, kdo vytvoří štítek k tomuto záznamu!

MARC

LEADER 00000cam a2200000 a 4500
001 UCD2285
003 CL-VaPUC
008 160421e18790000fr |||||||||||||||||fre|d
082 0 4 |a 220.68  |b VIG  |2 21 
100 0 |a Vigouroux, F  |e author  |9 585599 
245 1 3 |a La Bible et les decouvertes modernes en Palestina, en Egypte et en Assyrie 
250 |a 1a. ed 
300 |a t 
942 |c BK 
945 |d 20160421 23:07:00  |a dcastane 
260 |a París  |b Berche et Tralin  |c 1879 
650 0 |a Biblia  |9 257603 
650 0 |a Mitología   |9 255719 
650 7 |a DESCUBRIMIENTOS ARQUEOLOGICOS  |2 CL-VaPUC  |9 585600 
583 |a last modification  |c 20160421 23:07:00  |k Rodrigo Vera 
999 |c 363448  |d 363446 
952 |0 0  |1 0  |3 erd  |4 0  |6 220_680000000000000_VIG_1879  |7 0  |8 X  |9 475837  |a BIBTEO  |b BIBTEO  |c TEO_FFR  |h t.3  |i 5226317  |o 220.68 VIG 1879  |p 5226317  |r 2024-01-18  |w 2019-11-24  |y BK_X  |z Catalogado en:20160421  |k OFM